书目信息 |
| 题名: |
萧军戏剧集
|
|
| 作者: | 萧军 著 | |
| 分册: | 上 | |
| 出版信息: | 哈尔滨 黑龙江人民出版社 1984 |
|
| 页数: | 286页 | |
| 开本: | 20cm | |
| 丛书名: | ||
| 单 册: | ||
| 中图分类: | I232.7 , I232 | |
| 科图分类: | ||
| 主题词: | 京剧-剧本--中国--现代 , 剧本-京剧--中国--现代 , 戏剧文学--剧本--中国 | |
| 电子资源: | ||
| ISBN: | ||
| 000 | 00696nam0 2200265 45 | |
| 001 | 0184005714 | |
| 005 | 20040415163107.4 | |
| 010 | @dCNY5.90 | |
| 100 | @a19951027d1984 em y0chiy0121 ea | |
| 101 | 0 | @achi |
| 102 | @aCN@b230000 | |
| 105 | @ay z 000yy | |
| 106 | @ar | |
| 200 | 10 | @a萧军戏剧集@h上@Axiao jun xi ju ji@f萧军著 |
| 210 | @a哈尔滨@c黑龙江人民出版社@d1984 | |
| 215 | @a286页@d20cm | |
| 606 | @a京剧-剧本@y中国@z现代 | |
| 606 | @a剧本-京剧@y中国@z现代 | |
| 606 | 0 | @a戏剧文学@x剧本@x中国 |
| 690 | @aI232.7@v3 | |
| 690 | @aI232 | |
| 701 | 0 | @a萧军@4著@Axiao jun |
| 801 | 0 | @aCN@b深圳图书馆@c20040415 |
| 801 | 2 | @aCN@bNLC@c20040415 |
| 905 | @f2@b254853-854@dI232@e102:1 | |
| 萧军戏剧集.上/萧军著.-哈尔滨:黑龙江人民出版社,1984 |
| 286页;20cm |
| ISBN :CNY5.90 |
| ● |
| 相关链接 |
|
|
|
|
正题名:萧军戏剧集
索取号:I232/102:1
 
预约/预借
| 序号 | 登录号 | 条形码 | 馆藏地/架位号 | 状态 | 备注 |
| 1 | 0254852 | 000767888 | 第一样本阅览室/ [索取号:I232/102:1] | 在馆 | |
| 2 | 0254853 | 000767860 | 第二借阅区/ [索取号:I232/102:1] | 在馆 | |
| 3 | 0254854 | 000767879 | 密集书库/ [索取号:I232/102:1] | 在馆 |